• 首页
  • 本馆介绍
  • 公告通知
  • 最新文献
  • 馆藏检索
  • 电子资源
  • 读者导购
  • 参考咨询
  • 我的图书馆
  • 登录
  • 详细信息显示
  • 放入我的书架
  • 预约/预借图书
  • 作者相关作品
  • 分类相关作品
  • 丛书相关作品
  • 出版社相关作品

书目信息

  • 表格格式
  • 工作单格式
  • 卡片格式
题名:
中央银行学教程
    
 
作者: 刘肖原 , 李中山 主编
分册:  
出版信息: 北京   中国人民大学出版社  2015
页数: 337页
开本: 26cm
丛书名: 普通高等教育“十二五”应用型规划教材·金融系列
单 册:
中图分类: F830.31-43
科图分类:
主题词: 中央银行--zhong yang yin hang--概论--高等学校--教材
电子资源:
ISBN: 978-7-300-21180-0
000 01434oam2 2200301 450
001 2160537844
005 20210930170208.18
010    @a978-7-300-21180-0@dCNY39.00
100    @a20150803d2015 em y0chiy50 ea
101 0  @achi
102    @aCN@b110000
105    @ay a 000yy
106    @ar
200 1  @a中央银行学教程@Azhong yang yin hang xue jiao cheng@f刘肖原, 李中山主编
205    @a3版
210    @a北京@c中国人民大学出版社@d2015
215    @a337页@d26cm
225 2  @a普通高等教育“十二五”应用型规划教材·金融系列@Apu tong gao deng jiao yu shi er wu ying yong xing gui hua jiao cai jin rong xi lie
320    @a有书目 (第337页)
330    @a本书是在第二版的基础上修订完成的,进入21世纪以来,金融领域可说发生了相当大的变化,各国都积极强化中央银行之职能,提高其独立性。中央银行的货币政策和金融监管都在快速的调整之中,政策手段和监管工具及系统都发生着全方位之变化。凡此种种,均在本修订版中予以介绍。 概论中央银行制度;第二部分介绍中央银行业务;第三部分分析货币政策理论与实践;第四 部分叙述中央银行金融监管。
333    @a本书适合高等院校经济类、金融类等相关专业师生作为参考教材使用。
461  0 @12001 @a普通高等教育“十二五”应用型规划教材·金融系列
606 0  @a中央银行@Azhong yang yin hang@x概论@x高等学校@j教材
690    @aF830.31-43@v5
701  0 @a刘肖原@Aliu xiao yuan@4主编
701  0 @a李中山@Ali zhong shan@4主编
801  0 @aCN@b百万庄@c20210926
905    @b1301279-282@dF830.31-43@e478=3@f4
    
    中央银行学教程/刘肖原, 李中山主编.-3版.-北京:中国人民大学出版社,2015
    337页;26cm.-(普通高等教育“十二五”应用型规划教材·金融系列)
    使用对象:本书适合高等院校经济类、金融类等相关专业师生作为参考教材使用。
    
    ISBN 978-7-300-21180-0:CNY39.00
    本书是在第二版的基础上修订完成的,进入21世纪以来,金融领域可说发生了相当大的变化,各国都积极强化中央银行之职能,提高其独立性。中央银行的货币政策和金融监管都在快速的调整之中,政策手段和监管工具及系统都发生着全方位之变化。凡此种种,均在本修订版中予以介绍。 概论中央银行制度;第二部分介绍中央银行业务;第三部分分析货币政策理论与实践;第四 部分叙述中央银行金融监管。
●
相关链接 在E读中查询图书 在五车中查询图书 在当当中查询图书 在豆瓣中查询图书


正题名:中央银行学教程     索取号:F830.31-43/478=3         预约/预借

序号 登录号 条形码 馆藏地/架位号 状态 备注
1 1301279   213012791   第一样本阅览室/ [索取号:F830.31-43/478=3] 在馆    
2 1301280   213012808   第一借阅区/ [索取号:F830.31-43/478=3] 在馆    
3 1301281   213012817   第一借阅区/ [索取号:F830.31-43/478=3] 在馆    
4 1301282   213012826   第一借阅区/ [索取号:F830.31-43/478=3] 在馆    
唐山师范学院图书馆 欢迎您!
大连网信软件有限公司© 版权所有